Régime électoral et régime parlementaire en Grande-Bretagne
Enregistré dans:
| Auteur principal: | |
|---|---|
| Format: | Livre |
| Langue: | français |
| Publié: |
París
Armand Colin
1948
|
| Collection: | Cahiers de la Fondation Nationale des Sciences Politiques, 5
|
| Sujets: | |
| Tags: |
Ajouter un tag
Pas de tags, Soyez le premier à ajouter un tag!
|
MARC
| LEADER | 00000nam a2200000 a 4500 | ||
|---|---|---|---|
| 001 | UCT9584 | ||
| 003 | CL-VaPUC | ||
| 008 | 970411e19480000FR |||||||||||||||||fre|d | ||
| 082 | 0 | 4 | |a 342.07 |b CAD |2 21 |
| 100 | 0 | |a Cadart, Jacques |e author |9 382424 | |
| 245 | 1 | 0 | |a Régime électoral et régime parlementaire en Grande-Bretagne |
| 300 | |a 224 p | ||
| 942 | |c BK | ||
| 945 | |d 19970411 00:00:00 |a paguirre | ||
| 260 | |a París |b Armand Colin |c 1948 | ||
| 650 | 7 | |a SISTEMAS POLITICOS |2 CL-VaPUC |9 382425 | |
| 650 | 0 | |a Elecciones |9 254997 | |
| 650 | 0 | |a Sistemas electorales |9 326307 | |
| 650 | 0 | |a Representación política |9 362081 | |
| 650 | 0 | |a Parlamento |9 338611 | |
| 651 | 0 | |a Inglaterra |9 255158 | |
| 583 | |a last modification |c 19970411 00:00:00 |k Rodrigo Vera | ||
| 490 | 0 | |a Cahiers de la Fondation Nationale des Sciences Politiques, 5 | |
| 999 | |c 257967 |d 257965 | ||
| 952 | |0 0 |1 0 |4 0 |6 342_070000000000000_CAD_1948 |7 0 |8 A |9 281694 |a BIBDER |b BIBDER |d 2019-11-19 |i 1826360 |o 342.07 CAD 1948 |p 1826360 |r 2023-01-25 |w 2019-11-19 |y BK |k DER | ||